Gringo iracundo: Roque Dalton y su padre /
Roque Dalton escribió en muchas oportunidades sobre su padre, el estadounidense Winnall Dalton, y su migración a El Salvador. A través de Ea figura del padre, Dalton desarrolló sus ideas sobre la opresión, la identidad y la relación entre los excluidos y los poderosos. En este artículo el autor se r...
Đã lưu trong:
| Tác giả chính: | |
|---|---|
| Định dạng: | Texto |
| Ngôn ngữ: | Spanish |
| Những chủ đề: | |
| Các nhãn: |
Thêm thẻ
Không có thẻ, Là người đầu tiên thẻ bản ghi này!
|
MARC
| LEADER | 00000 a a2200000 04500 | ||
|---|---|---|---|
| 001 | 47150 | ||
| 003 | cru IIS | ||
| 005 | 20220314173607.0 | ||
| 008 | 220314b |||||||| |||| 00| 0 spa d | ||
| 040 | |c CRAI | ||
| 100 | |a Atwood, Roger | ||
| 245 | |a Gringo iracundo: |b Roque Dalton y su padre / |c Roger Atwood | ||
| 520 | |a Roque Dalton escribió en muchas oportunidades sobre su padre, el estadounidense Winnall Dalton, y su migración a El Salvador. A través de Ea figura del padre, Dalton desarrolló sus ideas sobre la opresión, la identidad y la relación entre los excluidos y los poderosos. En este artículo el autor se refiere a la manera en que la representación que Dalton dio de su padre reflejó la evolución de sus ideas sobre e el imperialismo y el ejercicio del poder a nivel personal y político. Se propone aquí una nueva perspectiva sobre la relación de Dalton con su padre sobre Ea base de datos biográficos inéditos. RAR 11-02-22 | ||
| 650 | 0 | |2 OCDE |9 631 |a BIOGRAFIAS | |
| 650 | 0 | |2 OCDE |9 4620 |a IDENTIDAD | |
| 650 | 0 | |2 UNESCO |9 285 |a EXCLUSION SOCIAL | |
| 650 | 4 | |2 OCDE |9 1924 |a IMPERIALISMO | |
| 650 | 4 | |2 UNESCO |9 1918 |a PODER POLITICO | |
| 773 | |g número134, (2012), páginas 525-548 | ||
| 942 | |2 ddc |c PP | ||
| 999 | |c 24536 |d 24536 | ||
